Geografia cestovného ruchu: Slovensko

Saved in:
Bibliographic Details
Main Author: Gúčik, Marián
Corporate Author: Univerzita Mateja Bela v Banskej Bystrici. Ekonomická fakulta
Other Authors: Gajdošík, Tomáš, Kvasnová, Diana, Marciš, Matúš
Format: Book
Language:Slovak
Published: Banská Bystrica BELIANUM 2021
Edition:1. vydanie
Subjects:
Tags: Add Tag
No Tags, Be the first to tag this record!

MARC

LEADER 00000nam a2200000 4500
001 0282742
005 20240416114149.4
020 |a 978-80-557-1925-2 
041 0 |a slo 
044 |a SK 
245 1 0 |a Geografia cestovného ruchu: Slovensko  |c Marián Gúčik, Tomáš Gajdošík, Diana Kvasnová, Matúš Marciš 
250 |a 1. vydanie 
264 1 |a Banská Bystrica  |b BELIANUM  |c 2021 
300 |a 165 s. 
610 2 0 |a ruch cestovný 
610 2 0 |a geografia 
610 2 0 |a regióny 
610 2 0 |a podmienky prírodné 
610 2 0 |a kultúra 
610 2 0 |a pamiatky 
610 2 0 |a infraštruktúra 
610 2 0 |a regionalizácia 
610 2 0 |a strediská ruchu cestovného 
610 2 0 |a kraje 
610 2 0 |a Slovensko 
100 1 |a Gúčik, Marián 
700 1 |a Gajdošík, Tomáš 
700 1 |a Kvasnová, Diana 
700 1 |a Marciš, Matúš 
710 2 |a Univerzita Mateja Bela v Banskej Bystrici. Ekonomická fakulta